| 000 | 00781nam a2200217 i 4500 | ||
|---|---|---|---|
| 001 | 103829 | ||
| 003 | ES-MaACL | ||
| 005 | 20250808012657.0 | ||
| 007 | t| | ||
| 008 | 051118s1958 sp ||||1| spa d | ||
| 100 | 1 |
_aMerrien, Jean. _980597 |
|
| 245 | 1 | 0 |
_aAl borde de lo imposible / _cJean Merrien; [traducción y notas por J. M. Claramunda Bes; revisión por J. M. Martínez Hidalgo]. |
| 260 |
_aBarcelona : _bAymá, _c1958. |
||
| 300 |
_a196 p., 13 h., 5 lám., 2 gráf. pleg. ; _c22 cm. |
||
| 490 | 1 |
_aLos caminos de la vida ; _vXXI |
|
| 700 | 1 |
_aClaramunda Bes, José María. _938998 |
|
| 700 | 1 |
_aMartínez-Hidalgo, José María. _978154 |
|
| 830 | 0 | 4 |
_aLos caminos de la vida _vXXI _9182340 |
| 852 |
_aES-MaACL _jC-4209 _bR.43552 |
||
| 999 |
_c103829 _d103829 |
||